[Event "I Torneo Internazionale"]
[Site "Madonna di Campiglio - Pinzolo ITA"]
[Date "1973.01.??"]
[Round "1"]
[White "Cardoso, Ruth"]
[Black "Jansa, Vlastimil"]
[Result "0-1"]
[WhiteElo "2010"]
[BlackElo "2480"]
[PlyCount "86"]
[EventDate "1973.01.09"]

1. e4 c5 2. Nf3 e6 3. d4 cxd4 4. Nxd4 Nc6 5. Nc3 a6 6. g3 Nge7 7. Be3 b5 8. Bg2
Nxd4 9. Bxd4 Bb7 10. O-O Nc6 11. e5 Qc7 12. Re1 Be7 13. Qg4 O-O 14. Rad1 Rfd8
15. Ne4 Nxd4 16. Nf6+ Bxf6 17. exf6 Nf5 18. Bxb7 Qxb7 19. Re5 g6 20. Qf4 Kh8
21. g4 Nh4 22. Re4 g5 23. Qe3 d5 24. Red4 e5 25. R4d3 d4 26. f3 h6 27. Qe2 Re8
28. Re1 Qc6 29. Kf2 Qxf6 30. Qe4 Rac8 31. c3 dxc3 32. Rxc3 Rxc3 33. bxc3 Rd8
34. Re2 Ng6 35. a4 Qf4 36. Qxf4 Nxf4 37. Rc2 bxa4 38. Ke3 Kg7 39. Ra2 Nd5+ 40.
Kf2 Nxc3 41. Ra3 Rd3 42. Kg2 Rd2+ 43. Kf1 Rc2 0-1

[Event "I Torneo Internazionale"]
[Site "Madonna di Campiglio - Pinzolo ITA"]
[Date "1973.01.??"]
[Round "1"]
[White "Forintos, Gyozo Victor"]
[Black "Cosulich, Roberto"]
[Result "1-0"]
[WhiteElo "2495"]
[BlackElo "2380"]
[PlyCount "73"]
[EventDate "1973.01.09"]

1. d4 Nf6 2. c4 e6 3. Nc3 Bb4 4. Qc2 c5 5. dxc5 Nc6 6. Nf3 Qa5 7. Bd2 Qxc5 8.
e3 e5 9. a3 Bxc3 10. Bxc3 a5 11. b3 O-O 12. Be2 Re8 13. O-O Qe7 14. Rfd1 d6 15.
h3 h6 16. Rab1 Be6 17. c5 dxc5 18. Nxe5 Bd5 19. Ng4 Be4 20. Nxf6+ Qxf6 21. Bd3
Qg6 22. Bxe4 Rxe4 23. Rd7 b6 24. Rbd1 Rae8 25. Qe2 R4e6 26. Kh2 R8e7 27. R7d2
Qe4 28. Qf3 Qxf3 29. gxf3 Ne5 30. Rd8+ Kh7 31. f4 Nc6 32. Rc8 Na7 33. Rb8 f5
34. a4 Rf7 35. h4 Kg6 36. Rg1+ Kh5 37. Kh3 1-0

[Event "I Torneo Internazionale"]
[Site "Madonna di Campiglio - Pinzolo ITA"]
[Date "1973.01.??"]
[Round "1"]
[White "Matanovic, Aleksandar"]
[Black "Ivkov, Borislav"]
[Result "1/2-1/2"]
[WhiteElo "2515"]
[BlackElo "2520"]
[PlyCount "33"]
[EventDate "1973.01.09"]

1. e4 e6 2. d4 d5 3. Nd2 c5 4. exd5 exd5 5. Bb5+ Bd7 6. Bxd7+ Nxd7 7. Qe2+ Qe7
8. dxc5 Nxc5 9. Nb3 Qxe2+ 10. Nxe2 Nxb3 11. axb3 Bc5 12. Bd2 Ne7 13. Bc3 O-O
14. O-O Nc6 15. Rfd1 Rfd8 16. Kf1 d4 17. Be1 1/2-1/2

[Event "I Torneo Internazionale"]
[Site "Madonna di Campiglio - Pinzolo ITA"]
[Date "1973.01.??"]
[Round "1"]
[White "Torre, Eugenio"]
[Black "Tatai, Stefano"]
[Result "0-1"]
[WhiteElo "2400"]
[BlackElo "2460"]
[PlyCount "182"]
[EventDate "1973.01.09"]

1. e4 e6 2. Nc3 d5 3. Nf3 Nf6 4. e5 Nfd7 5. d4 c5 6. Bb5 Nc6 7. O-O a6 8. Bxc6
bxc6 9. Re1 Be7 10. dxc5 Bxc5 11. Ng5 h6 12. Nh3 Qh4 13. Qe2 g5 14. Nd1 Rg8 15.
c3 a5 16. Be3 g4 17. Nf4 Nxe5 18. Kh1 Bd6 19. b3 Ba6 20. c4 d4 21. Bd2 c5 22.
Qe4 Kd7 23. Nxe6 fxe6 24. Bf4 Qf6 25. Bxe5 Qxe5 26. Qxe5 Bxe5 27. Rxe5 Rg5 28.
Rxg5 hxg5 29. Nb2 Kd6 30. Re1 e5 31. Kg1 Bb7 32. Nd3 e4 33. Nb2 Bc6 34. h3 gxh3
35. gxh3 Rf8 36. Kf1 Rf3 37. Ke2 d3+ 38. Kf1 Rxh3 39. Kg2 g4 40. Re3 Rf3 41.
Kf1 a4 42. Rxf3 gxf3 43. Ke1 Ke5 44. Kd2 Kd4 45. Nd1 Bd7 46. Nc3 axb3 47. axb3
Bc6 48. Nd1 Bb7 49. Ne3 Ke5 50. Ng4+ Kf4 51. Ne3 Bc6 52. Nd1 Kg4 53. Ne3+ Kh3
54. Ke1 Kh2 55. Nf1+ Kg1 56. Ne3 d2+ 57. Kxd2 Kxf2 58. Nd1+ Kf1 59. Ke3 Ke1 60.
Nf2 Bb7 61. Nh3 Kd1 62. Ng5 Ke1 63. Nh3 Bc8 64. Nf2 Bf5 65. Nh1 Kd1 66. Ng3 Bg6
67. b4 cxb4 68. c5 b3 69. c6 b2 70. c7 b1=Q 71. c8=Q Qd3+ 72. Kf4 f2 73. Qg4+
Kd2 74. Qxg6 f1=Q+ 75. Nxf1+ Qxf1+ 76. Ke5 e3 77. Qb6 Qc4 78. Qb2+ Ke1 79. Qb1+
Kf2 80. Qf5+ Ke2 81. Kf6 Qc6+ 82. Ke7 Qf3 83. Qb5+ Kf2 84. Qc5 Kf1 85. Kd8 e2
86. Qc4 Kf2 87. Qc5+ Kg2 88. Qg5+ Kf1 89. Qb5 Qc3 90. Ke8 Qe3+ 91. Kd8 Kg1 0-1

[Event "I Torneo Internazionale"]
[Site "Madonna di Campiglio - Pinzolo ITA"]
[Date "1973.01.??"]
[Round "2"]
[White "Cosulich, Roberto"]
[Black "Torre, Eugenio"]
[Result "0-1"]
[WhiteElo "2380"]
[BlackElo "2400"]
[PlyCount "42"]
[EventDate "1973.01.09"]

1. e4 Nf6 2. e5 Nd5 3. d4 d6 4. Nf3 g6 5. Be2 Bg7 6. exd6 cxd6 7. c4 Nb6 8. h3
O-O 9. Nc3 Nc6 10. Bf4 h6 11. Be3 f5 12. Qd2 Kh7 13. O-O-O d5 14. Ne5 dxc4 15.
f4 Nxe5 16. fxe5 Nd5 17. g4 Be6 18. Rhg1 b5 19. Nxb5 Rb8 20. gxf5 Bxf5 21. Bxc4
Rxb5 0-1

[Event "I Torneo Internazionale"]
[Site "Madonna di Campiglio - Pinzolo ITA"]
[Date "1973.01.??"]
[Round "2"]
[White "Tatai, Stefano"]
[Black "Matanovic, Aleksandar"]
[Result "1/2-1/2"]
[WhiteElo "2460"]
[BlackElo "2515"]
[PlyCount "33"]
[EventDate "1973.01.09"]

1. e4 e6 2. d4 d5 3. Nd2 c5 4. exd5 exd5 5. Bb5+ Bd7 6. Qe2+ Qe7 7. Bxd7+ Nxd7
8. dxc5 Nxc5 9. Nb3 Nxb3 10. axb3 Qxe2+ 11. Nxe2 Bc5 12. Bd2 Ne7 13. Bc3 O-O
14. Bd4 Rfc8 15. O-O-O f6 16. Rhe1 Kf7 17. Rd3 1/2-1/2

[Event "I Torneo Internazionale"]
[Site "Madonna di Campiglio - Pinzolo ITA"]
[Date "1973.01.??"]
[Round "2"]
[White "Toth, Bela"]
[Black "Forintos, Gyozo Victor"]
[Result "0-1"]
[WhiteElo "2410"]
[BlackElo "2495"]
[PlyCount "66"]
[EventDate "1973.01.09"]

1. d4 Nf6 2. c4 g6 3. g3 c5 4. d5 Bg7 5. Bg2 d6 6. Nc3 O-O 7. Nf3 Na6 8. O-O
Nc7 9. a4 a6 10. h3 Rb8 11. e4 b5 12. axb5 axb5 13. cxb5 Nxb5 14. Nxb5 Rxb5 15.
Re1 Nd7 16. Ra2 Qb6 17. Nd2 Rb4 18. Bf1 Qb8 19. Nc4 Ne5 20. Nxe5 Bxe5 21. f4
Bxb2 22. Bxb2 Rxb2 23. Rxb2 Qxb2 24. e5 Bd7 25. Re2 Qc3 26. Kh2 Ra8 27. Qd2
Qxd2 28. Rxd2 Bf5 29. g4 Be4 30. Bg2 Ra4 31. exd6 exd6 32. Re2 Bxg2 33. Kxg2
Rd4 0-1

[Event "I Torneo Internazionale"]
[Site "Madonna di Campiglio - Pinzolo ITA"]
[Date "1973.01.??"]
[Round "3"]
[White "Forintos, Gyozo Victor"]
[Black "Jansa, Vlastimil"]
[Result "1/2-1/2"]
[WhiteElo "2495"]
[BlackElo "2480"]
[PlyCount "33"]
[EventDate "1973.01.09"]

1. c4 c5 2. Nc3 g6 3. g3 Bg7 4. Bg2 Nc6 5. e3 e6 6. Nge2 Nge7 7. O-O O-O 8. d4
cxd4 9. Nxd4 d5 10. cxd5 Nxd4 11. exd4 Nxd5 12. Nxd5 exd5 13. Qb3 Bxd4 14. Bxd5
Qb6 15. Qxb6 axb6 16. Rd1 Bg7 17. Be3 1/2-1/2

[Event "I Torneo Internazionale"]
[Site "Madonna di Campiglio - Pinzolo ITA"]
[Date "1973.01.??"]
[Round "3"]
[White "Matanovic, Aleksandar"]
[Black "Cosulich, Roberto"]
[Result "1/2-1/2"]
[WhiteElo "2515"]
[BlackElo "2380"]
[PlyCount "59"]
[EventDate "1973.01.09"]

1. e4 c5 2. Nf3 Nc6 3. d4 cxd4 4. Nxd4 g6 5. Nc3 Bg7 6. Be3 Nf6 7. Bc4 d6 8. h3
O-O 9. O-O Bd7 10. Bb3 Qa5 11. Re1 Rad8 12. a3 Nxd4 13. Bxd4 Bc6 14. Nd5 Rd7
15. Bc3 Qd8 16. Qf3 Ne8 17. Rad1 Bxc3 18. Nxc3 Qa5 19. Qe3 Nf6 20. Nd5 Rc8 21.
Rd4 Bxd5 22. exd5 Rc5 23. Red1 b5 24. c3 Qd8 25. Rb1 a5 26. Rd2 Rb7 27. Rd4 Qb8
28. Qd2 Qf8 29. Qe3 Qb8 30. Qd2 1/2-1/2

[Event "I Torneo Internazionale"]
[Site "Madonna di Campiglio - Pinzolo ITA"]
[Date "1973.01.??"]
[Round "3"]
[White "Torre, Eugenio"]
[Black "Toth, Bela"]
[Result "1-0"]
[WhiteElo "2400"]
[BlackElo "2410"]
[PlyCount "109"]
[EventDate "1973.01.09"]

1. e4 e5 2. Nf3 Nf6 3. d3 Nc6 4. Be2 g6 5. O-O Bg7 6. c3 O-O 7. Nbd2 d6 8. Ne1
Kh8 9. g3 Bh3 10. Ng2 Qd7 11. Nf3 h6 12. Kh1 Ng8 13. Ng1 Be6 14. f4 f5 15. exf5
gxf5 16. Nf3 Nf6 17. Be3 e4 18. Nfh4 Bf7 19. h3 d5 20. d4 h5 21. g4 hxg4 22.
hxg4 Ne7 23. g5 Ne8 24. Kg1 Kh7 25. Bh5 Bxh5 26. Qxh5+ Kg8 27. Kf2 Nd6 28. Rh1
Qe8 29. Qe2 Kf7 30. Rag1 Ke6 31. Bc1 Rh8 32. Nf3 Qa4 33. a3 Qc4 34. Ne5 Qxe2+
35. Kxe2 Nf7 36. a4 Rxh1 37. Rxh1 Rh8 38. Rxh8 Nxh8 39. b3 Nhg6 40. Nxg6 Nxg6
41. Ba3 b6 42. Kd2 c6 43. a5 bxa5 44. Bc5 a6 45. Ke3 Bf8 46. Bxf8 Nxf8 47. Nh4
Nd7 48. Ng6 c5 49. Ne5 Nxe5 50. fxe5 c4 51. bxc4 Kf7 52. cxd5 a4 53. e6+ Kf8
54. d6 a3 55. e7+ 1-0

[Event "I Torneo Internazionale"]
[Site "Madonna di Campiglio - Pinzolo ITA"]
[Date "1973.01.??"]
[Round "4"]
[White "Jansa, Vlastimil"]
[Black "Torre, Eugenio"]
[Result "1/2-1/2"]
[WhiteElo "2480"]
[BlackElo "2400"]
[PlyCount "82"]
[EventDate "1973.01.09"]

1. e4 c5 2. Nf3 Nc6 3. d4 cxd4 4. Nxd4 Nf6 5. Nc3 d6 6. Bg5 Bd7 7. Be2 Qa5 8.
Bxf6 gxf6 9. Nb3 Qg5 10. g3 h5 11. f4 Qg6 12. Qd3 h4 13. O-O-O O-O-O 14. Bf3
Kb8 15. Kb1 hxg3 16. hxg3 Rxh1 17. Bxh1 Rc8 18. a3 Qh5 19. Bf3 Qh2 20. Ne2 Qf2
21. Bh5 Be8 22. Nbd4 Nxd4 23. Nxd4 Rc5 24. Qf3 Qxf3 25. Bxf3 e5 26. Nf5 Ba4 27.
b3 Bd7 28. Nxd6 Rc3 29. Bh5 Kc7 30. fxe5 Rxg3 31. Nxf7 f5 32. Nd6 fxe4 33. Nxe4
Re3 34. Nf6 Bc6 35. Rd7+ Bxd7 36. Nd5+ Kd8 37. Nxe3 Bxa3 38. Bf3 b6 39. c3 Bf8
40. Bd5 Ke7 41. Kc2 Bg7 1/2-1/2

[Event "I Torneo Internazionale"]
[Site "Madonna di Campiglio - Pinzolo ITA"]
[Date "1973.01.??"]
[Round "4"]
[White "Lengyel, Levente"]
[Black "Forintos, Gyozo Victor"]
[Result "1/2-1/2"]
[WhiteElo "2455"]
[BlackElo "2495"]
[PlyCount "34"]
[EventDate "1973.01.09"]

1. c4 Nf6 2. Nc3 e6 3. d4 d5 4. Bg5 Be7 5. Nf3 O-O 6. e3 h6 7. Bh4 b6 8. Bd3
Bb7 9. O-O Nbd7 10. Rc1 c5 11. cxd5 Nxd5 12. Bxe7 Qxe7 13. Qe2 cxd4 14. Nxd4
Nc5 15. Nxd5 Bxd5 16. Bc4 Bxc4 17. Rxc4 e5 1/2-1/2

[Event "I Torneo Internazionale"]
[Site "Madonna di Campiglio - Pinzolo ITA"]
[Date "1973.01.??"]
[Round "5"]
[White "Forintos, Gyozo Victor"]
[Black "Cardoso, Ruth"]
[Result "1/2-1/2"]
[WhiteElo "2495"]
[BlackElo "2010"]
[PlyCount "106"]
[EventDate "1973.01.09"]

1. d4 Nf6 2. c4 e6 3. Nc3 Bb4 4. Qc2 c5 5. dxc5 Nc6 6. Nf3 Bxc5 7. Bf4 O-O 8.
e3 d6 9. h3 e5 10. Bh2 Be6 11. a3 Rc8 12. Bd3 h6 13. O-O a6 14. Rac1 Nd7 15.
Ne4 f5 16. Nxc5 Nxc5 17. Be2 Qe7 18. Rfd1 a5 19. b3 Kh8 20. Qb2 b6 21. b4 axb4
22. axb4 Ne4 23. Bd3 Ng5 24. Nxg5 Qxg5 25. f4 Qf6 26. b5 e4 27. Qxf6 Rxf6 28.
Bf1 Na5 29. Rxd6 Bg8 30. Rdd1 Rff8 31. Rd6 Bxc4 32. Rxb6 Bxf1 33. Rxc8 Rxc8 34.
Kxf1 Nc4 35. Rc6 Nxe3+ 36. Kf2 Rxc6 37. bxc6 Nd5 38. g4 g6 39. gxf5 gxf5 40.
Kg3 Kg7 41. Bg1 Kf7 42. Bc5 Ke8 43. Bd6 Kd8 44. Bf8 Kc7 45. Bxh6 Kxc6 46. Bg5
Kd7 47. Bh4 Ke6 48. Bd8 Kf7 49. Ba5 Nf6 50. Bc7 Nh5+ 51. Kf2 Ke6 52. Be5 Kd5
53. Ke3 Kc4 1/2-1/2

[Event "I Torneo Internazionale"]
[Site "Madonna di Campiglio - Pinzolo ITA"]
[Date "1973.01.??"]
[Round "5"]
[White "Matanovic, Aleksandar"]
[Black "Jansa, Vlastimil"]
[Result "0-1"]
[WhiteElo "2515"]
[BlackElo "2480"]
[PlyCount "94"]
[EventDate "1973.01.09"]

1. e4 e5 2. Nf3 Nc6 3. Bb5 a6 4. Ba4 Nf6 5. O-O Be7 6. Re1 b5 7. Bb3 O-O 8. a4
Bb7 9. d3 d6 10. c3 Na5 11. Bc2 c5 12. Nbd2 Re8 13. Nf1 Bf8 14. Bg5 h6 15. Bh4
g6 16. Ne3 Bg7 17. b4 cxb4 18. cxb4 Nc6 19. Bxf6 Bxf6 20. Bb3 Nxb4 21. Bxf7+
Kxf7 22. Qb3+ Kg7 23. Qxb4 Qd7 24. axb5 axb5 25. Rxa8 Rxa8 26. Rb1 Bc6 27. h3
Bd8 28. Nd5 Bxd5 29. exd5 Bb6 30. d4 Ra4 31. Qxb5 Qxb5 32. Rxb5 Bxd4 33. g4 Kf6
34. Kg2 Bc5 35. Rb2 e4 36. Nd2 Ke5 37. f3 e3 38. Ne4 Bd4 39. Re2 Kxd5 40. Rxe3
Bxe3 41. Nc3+ Kc4 42. Nxa4 Kb3 43. f4 Kxa4 44. Kf3 Bxf4 45. Kxf4 Kb4 46. h4 Kc4
47. h5 gxh5 0-1

[Event "I Torneo Internazionale"]
[Site "Madonna di Campiglio - Pinzolo ITA"]
[Date "1973.01.??"]
[Round "5"]
[White "Tatai, Stefano"]
[Black "Cosulich, Roberto"]
[Result "1/2-1/2"]
[WhiteElo "2460"]
[BlackElo "2380"]
[PlyCount "41"]
[EventDate "1973.01.09"]

1. Nf3 Nf6 2. c4 c5 3. g3 Nc6 4. Bg2 e6 5. O-O Be7 6. d4 cxd4 7. Nxd4 a6 8. Nc3
O-O 9. b3 Qc7 10. Bb2 d6 11. Rc1 Nxd4 12. Qxd4 Bd7 13. Rfd1 Rfd8 14. h3 Rac8
15. Qa7 b5 16. Qxa6 bxc4 17. Ba3 Be8 18. bxc4 Qxc4 19. Qa7 Rd7 20. Qb6 Bd8 21.
Qb2 1/2-1/2

[Event "I Torneo Internazionale"]
[Site "Madonna di Campiglio - Pinzolo ITA"]
[Date "1973.01.??"]
[Round "6"]
[White "Cardoso, Ruth"]
[Black "Torre, Eugenio"]
[Result "1/2-1/2"]
[WhiteElo "2010"]
[BlackElo "2400"]
[PlyCount "48"]
[EventDate "1973.01.09"]

1. e4 d6 2. d4 Nf6 3. Nc3 g6 4. Nf3 Bg7 5. Be2 O-O 6. O-O Bg4 7. Be3 Nc6 8. Qd2
e5 9. dxe5 dxe5 10. Rad1 Qxd2 11. Rxd2 Rfd8 12. Rfd1 a6 13. Bg5 Bxf3 14. Bxf3
Rxd2 15. Rxd2 Nd4 16. Bd1 Ne6 17. Be3 Bf8 18. a3 Bc5 19. Bxc5 Nxc5 20. f3 Kf8
21. Kf2 Ne6 22. Ne2 Rd8 23. Rxd8+ Nxd8 24. b4 Ke7 1/2-1/2

[Event "I Torneo Internazionale"]
[Site "Madonna di Campiglio - Pinzolo ITA"]
[Date "1973.01.??"]
[Round "6"]
[White "Jansa, Vlastimil"]
[Black "Ivkov, Borislav"]
[Result "1/2-1/2"]
[WhiteElo "2480"]
[BlackElo "2520"]
[PlyCount "23"]
[EventDate "1973.01.09"]

1. e4 c5 2. Nf3 d6 3. Bb5+ Nd7 4. d4 Ngf6 5. Nc3 cxd4 6. Qxd4 a6 7. Bxd7+ Bxd7
8. Bg5 e6 9. O-O-O h6 10. Bh4 e5 11. Bxf6 exd4 12. Bxd8 1/2-1/2

[Event "I Torneo Internazionale"]
[Site "Madonna di Campiglio - Pinzolo ITA"]
[Date "1973.01.??"]
[Round "6"]
[White "Toth, Bela"]
[Black "Tatai, Stefano"]
[Result "1/2-1/2"]
[WhiteElo "2410"]
[BlackElo "2460"]
[PlyCount "105"]
[EventDate "1973.01.09"]

1. d4 Nf6 2. c4 c5 3. d5 e6 4. Nc3 exd5 5. cxd5 d6 6. e4 g6 7. f4 Bg7 8. Bb5+
Nfd7 9. Bd3 O-O 10. Nf3 Na6 11. O-O Nc7 12. a4 Nf6 13. h3 b6 14. Re1 a6 15. Bc4
Rb8 16. e5 Nfe8 17. Qe2 Qe7 18. Qf2 Bb7 19. f5 dxe5 20. Bg5 Bf6 21. Bxf6 Qxf6
22. Nxe5 Rd8 23. fxg6 hxg6 24. Qxf6 Nxf6 25. Nxg6 fxg6 26. d6+ Ncd5 27. Rad1
Rxd6 28. g4 Rfd8 29. g5 Nh5 30. Re5 Nhf4 31. Ne4 Re6 32. Rxe6 Nxe6 33. Bxd5 Kg7
34. Nc3 Bxd5 35. Rxd5 Rxd5 36. Nxd5 Nxg5 37. Nxb6 Nxh3+ 38. Kf1 Nf4 39. Nd7 Nd3
40. b3 Kf7 41. Nb8 Nc1 42. Nxa6 Nxb3 43. Ke2 c4 44. Kd1 g5 45. Nc7 g4 46. Nd5
Ke6 47. Ne3 g3 48. Ke2 Nd4+ 49. Kf1 c3 50. a5 Nf5 51. Nc2 Kd5 52. a6 Kc6 53.
Nb4+ 1/2-1/2

[Event "I Torneo Internazionale"]
[Site "Madonna di Campiglio - Pinzolo ITA"]
[Date "1973.01.??"]
[Round "7"]
[White "Cosulich, Roberto"]
[Black "Toth, Bela"]
[Result "1-0"]
[WhiteElo "2380"]
[BlackElo "2410"]
[PlyCount "117"]
[EventDate "1973.01.09"]

1. e4 e5 2. Nf3 Nc6 3. Bb5 a6 4. Ba4 Nf6 5. O-O Be7 6. Re1 b5 7. Bb3 d6 8. c3
O-O 9. h3 Na5 10. Bc2 c5 11. d4 Qc7 12. Nbd2 cxd4 13. cxd4 Bb7 14. d5 Bc8 15.
b4 Nc4 16. Nxc4 Qxc4 17. a4 Bd7 18. Bb3 Qc7 19. a5 Rac8 20. Bb2 g6 21. Kh2 Nh5
22. g3 Bf6 23. Qd2 Qa7 24. Qe3 Qxe3 25. Rxe3 Bg7 26. Kg2 Bh6 27. Rc3 f5 28.
Rxc8 Rxc8 29. exf5 gxf5 30. h4 Nf6 31. Ng5 Bxg5 32. hxg5 Ne4 33. Bc1 Rc3 34.
Rb1 Rd3 35. Bc2 Rd4 36. Be3 Rc4 37. Bd3 Nc3 38. Bxc4 Nxb1 39. Bb3 Bc8 40. f3
Bb7 41. Ba7 Kf8 42. Bb8 Ke7 43. Bc2 Nc3 44. Bxf5 Nxd5 45. Bxh7 Nxb4 46. g6 Kf6
47. Bxd6 Nc6 48. Bf8 Nd4 49. g7 Bxf3+ 50. Kf2 Bd5 51. g8=Q Bxg8 52. Bxg8 Nc6
53. Bd5 Nxa5 54. Bb4 Nc4 55. Bxc4 bxc4 56. Kf3 Kf5 57. g4+ Kf6 58. Bd2 Kg6 59.
Ke4 1-0

[Event "I Torneo Internazionale"]
[Site "Madonna di Campiglio - Pinzolo ITA"]
[Date "1973.01.??"]
[Round "7"]
[White "Ivkov, Borislav"]
[Black "Lengyel, Levente"]
[Result "1/2-1/2"]
[WhiteElo "2520"]
[BlackElo "2455"]
[PlyCount "30"]
[EventDate "1973.01.09"]

1. d4 Nf6 2. c4 e6 3. Nf3 d5 4. Nc3 Be7 5. Bg5 O-O 6. e3 h6 7. Bh4 b6 8. Bd3
Bb7 9. O-O Nbd7 10. Qe2 c5 11. cxd5 Nxd5 12. Bxe7 Qxe7 13. Ba6 Nxc3 14. bxc3
Nf6 15. Bxb7 Qxb7 1/2-1/2

[Event "I Torneo Internazionale"]
[Site "Madonna di Campiglio - Pinzolo ITA"]
[Date "1973.01.??"]
[Round "7"]
[White "Matanovic, Aleksandar"]
[Black "Cardoso, Ruth"]
[Result "1/2-1/2"]
[WhiteElo "2515"]
[BlackElo "2010"]
[PlyCount "52"]
[EventDate "1973.01.09"]

1. e4 c5 2. Nf3 d6 3. d4 cxd4 4. Nxd4 Nf6 5. Nc3 a6 6. Be2 e5 7. Nb3 Be6 8. O-O
Qc7 9. a4 Nbd7 10. Be3 Rc8 11. a5 Be7 12. Nd5 Qc6 13. Bf3 Bxd5 14. exd5 Qc4 15.
c3 O-O 16. Nd2 Qb5 17. Qb1 e4 18. Bxe4 Nxe4 19. Nxe4 Qxd5 20. Rd1 Qe6 21. Re1
Rfe8 22. Bd4 Qg6 23. Ng3 Bf6 24. Qf5 Ne5 25. Rad1 Kf8 26. h3 Re6 1/2-1/2

[Event "I Torneo Internazionale"]
[Site "Madonna di Campiglio - Pinzolo ITA"]
[Date "1973.01.??"]
[Round "7"]
[White "Tatai, Stefano"]
[Black "Jansa, Vlastimil"]
[Result "1/2-1/2"]
[WhiteElo "2460"]
[BlackElo "2480"]
[PlyCount "57"]
[EventDate "1973.01.09"]

1. e4 c5 2. Nf3 e6 3. d4 cxd4 4. Nxd4 Nc6 5. Nb5 d6 6. c4 Nf6 7. N5c3 Be7 8.
Be2 O-O 9. O-O b6 10. f4 Bb7 11. Bf3 Rc8 12. b3 Qc7 13. Kh1 Rfd8 14. a3 a6 15.
Ra2 Qb8 16. Rd2 Na7 17. a4 Bc6 18. Ba3 b5 19. e5 b4 20. exf6 Bxf6 21. Bb2 bxc3
22. Bxc3 Bxc3 23. Nxc3 Bxf3 24. Rxf3 Nc6 25. Ne4 d5 26. cxd5 exd5 27. Ng3 d4
28. Nf5 Rd5 29. Ne3 1/2-1/2

[Event "I Torneo Internazionale"]
[Site "Madonna di Campiglio - Pinzolo ITA"]
[Date "1973.01.??"]
[Round "8"]
[White "Cardoso, Ruth"]
[Black "Ivkov, Borislav"]
[Result "1-0"]
[WhiteElo "2010"]
[BlackElo "2520"]
[PlyCount "111"]
[EventDate "1973.01.09"]

1. e4 e6 2. d4 d5 3. Nd2 c5 4. Ngf3 Nf6 5. exd5 Nxd5 6. Bb5+ Bd7 7. Bxd7+ Nxd7
8. O-O Be7 9. Re1 O-O 10. Ne4 cxd4 11. Qxd4 b5 12. c3 N7b6 13. Qd3 a6 14. Neg5
Nf6 15. Qe2 Qc7 16. Ne5 Bd6 17. Ngf3 Nfd5 18. Nd4 Bxe5 19. Qxe5 Qxe5 20. Rxe5
Rac8 21. Re2 Rfd8 22. a3 Nc4 23. f4 g6 24. Kf2 Rd6 25. h3 Ne7 26. b3 Nb6 27.
Bd2 Nc6 28. Nf3 Rcd8 29. a4 bxa4 30. c4 Rd3 31. c5 Nd5 32. Rxa4 Rxb3 33. Rxa6
Ncb4 34. Rd6 Nd3+ 35. Kg3 Rc8 36. c6 Ne7 37. Nd4 Nf5+ 38. Nxf5 gxf5 39. Re3 Nc5
40. Rxb3 Ne4+ 41. Kh4 Nxd6 42. Rg3+ Kf8 43. Bb4 Rxc6 44. Rd3 Ke7 45. g4 fxg4
46. hxg4 Rb6 47. Ba3 f6 48. Kh5 Rb5+ 49. g5 Rd5 50. Rxd5 exd5 51. gxf6+ Kxf6
52. Bxd6 Kf5 53. Kh4 d4 54. Kg3 h5 55. Kf3 h4 56. Bb4 1-0

[Event "I Torneo Internazionale"]
[Site "Madonna di Campiglio - Pinzolo ITA"]
[Date "1973.01.??"]
[Round "8"]
[White "Forintos, Gyozo Victor"]
[Black "Torre, Eugenio"]
[Result "0-1"]
[WhiteElo "2495"]
[BlackElo "2400"]
[PlyCount "76"]
[EventDate "1973.01.09"]

1. d4 Nf6 2. c4 g6 3. Nc3 Bg7 4. e4 d6 5. Nge2 c6 6. Ng3 e5 7. d5 cxd5 8. cxd5
O-O 9. Be2 a6 10. a4 h5 11. Bg5 Qe8 12. h4 Nh7 13. Be3 Nd7 14. Nf1 Qe7 15. Qc2
f5 16. exf5 gxf5 17. Bxh5 f4 18. Bg6 e4 19. Bd2 Nc5 20. O-O-O Nf6 21. Bxf4 Nd3+
22. Rxd3 exd3 23. Bxd3 Ng4 24. Be3 Bd7 25. Kb1 b5 26. a5 Rac8 27. Qd2 Ne5 28.
Ng3 Nc4 29. Bxc4 Rxc4 30. f3 Rfc8 31. Nce4 b4 32. Qd3 Qe5 33. Qd2 Rc2 34. Qxc2
Rxc2 35. Kxc2 Qxb2+ 36. Kd1 Bb5 37. Nd2 Qa1+ 38. Kc2 b3+ 0-1

[Event "I Torneo Internazionale"]
[Site "Madonna di Campiglio - Pinzolo ITA"]
[Date "1973.01.??"]
[Round "8"]
[White "Jansa, Vlastimil"]
[Black "Cosulich, Roberto"]
[Result "1/2-1/2"]
[WhiteElo "2480"]
[BlackElo "2380"]
[PlyCount "58"]
[EventDate "1973.01.09"]

1. e4 c5 2. Nf3 Nc6 3. Bb5 g6 4. O-O Bg7 5. Re1 e5 6. Bxc6 dxc6 7. d3 Ne7 8. a4
b6 9. Na3 O-O 10. b3 Qc7 11. Bb2 Be6 12. h3 f6 13. Qe2 g5 14. h4 h6 15. hxg5
fxg5 16. Nh2 Ng6 17. g3 Qf7 18. Nc4 g4 19. Rf1 h5 20. Bc1 Qe7 21. Be3 Nf4 22.
Qd2 Nh3+ 23. Kg2 Rf7 24. f3 Bf6 25. fxg4 hxg4 26. Rae1 Raf8 27. Bh6 Bg7 28.
Rxf7 Rxf7 29. Be3 Qf8 1/2-1/2

[Event "I Torneo Internazionale"]
[Site "Madonna di Campiglio - Pinzolo ITA"]
[Date "1973.01.??"]
[Round "8"]
[White "Lengyel, Levente"]
[Black "Tatai, Stefano"]
[Result "1-0"]
[WhiteElo "2455"]
[BlackElo "2460"]
[PlyCount "101"]
[EventDate "1973.01.09"]

1. d4 Nf6 2. c4 c5 3. d5 e6 4. Nc3 exd5 5. cxd5 d6 6. Nf3 g6 7. Bf4 a6 8. a4
Bg7 9. e4 O-O 10. Nd2 Nh5 11. Be3 Nd7 12. g4 Bd4 13. Bxd4 cxd4 14. gxh5 dxc3
15. bxc3 Ne5 16. Qe2 Bg4 17. Qe3 Bxh5 18. f4 Ng4 19. Qg3 f5 20. Bh3 Rc8 21.
Bxg4 Bxg4 22. O-O Qb6+ 23. Rf2 Qb2 24. Rb1 Qxc3 25. Rxb7 Rf7 26. Qxc3 Rxc3 27.
Rb6 fxe4 28. Nxe4 Rd3 29. h3 Bxh3 30. Rxd6 Re7 31. Ng5 Rd1+ 32. Kh2 Bf5 33. Nf3
Re4 34. Rb2 Rxf4 35. Rb7 Be4 36. Ng5 Rf2+ 37. Kg3 Rg2+ 38. Kf4 Rf1+ 39. Kxe4
Rxg5 40. Rd8+ Rf8 41. Rdd7 Re8+ 42. Kd3 Rf5 43. d6 Re6 44. Kd4 h5 45. Rd8+ Rf8
46. Rxf8+ Kxf8 47. Kd5 Re1 48. Rb8+ Kf7 49. d7 Rd1+ 50. Kc6 Rc1+ 51. Kb7 1-0

[Event "I Torneo Internazionale"]
[Site "Madonna di Campiglio - Pinzolo ITA"]
[Date "1973.01.??"]
[Round "9"]
[White "Cosulich, Roberto"]
[Black "Lengyel, Levente"]
[Result "1/2-1/2"]
[WhiteElo "2380"]
[BlackElo "2455"]
[PlyCount "70"]
[EventDate "1973.01.09"]

1. e4 c5 2. Nf3 Nc6 3. Bb5 g6 4. O-O Bg7 5. Re1 e5 6. Bxc6 dxc6 7. d3 Ne7 8. a4
O-O 9. a5 Rb8 10. Nbd2 f6 11. Nb3 b6 12. axb6 axb6 13. Be3 Kh8 14. Ra7 Bg4 15.
h3 Be6 16. Nfd2 Nc8 17. Ra6 Nd6 18. f4 f5 19. fxe5 Bxe5 20. d4 cxd4 21. Nxd4
Qc8 22. N2f3 Bg7 23. Bf4 fxe4 24. Bxd6 exf3 25. Bxf8 f2+ 26. Kxf2 Qxf8+ 27. Kg1
Bd5 28. Qd2 Rd8 29. Qe3 Qb4 30. c3 Qxb2 31. Re2 Qb1+ 32. Re1 Qb2 33. Re2 Qb1+
34. Kh2 Bf8 35. Re1 Qb2 1/2-1/2